00618nam a2200181Ia 4500008004100000082001600041100002100057245003700078250000800115260002500123300001200148500002400160650001600184942000700200952010600207952010600313999001700419230524s9999 xx 000 0 und d a621.38bSCH aWilliam Schweber 0aElectronic Communication Systems a1ST aNEW DELHIbPHIc2003 aXVI;426 aQuantity Number: 2 aElectronics cBK 00104070aTATCLbTATCLcGENd2023-05-24l0o621.38 SCHp16566r2023-05-24w2023-05-24yBKzCPEC5203 00104070aTATCLbTATCLcGENd2023-05-24l0o621.38 SCHp16567r2023-05-24w2023-05-24yBKzCPEC5203 c36945d36945